Sports Quiz

Random Sports or MLB Quiz
Score 0/120 Timer 12:00
8 Plays Today
Decade Player % Correct
1920-1929Babe Ruth
97.1%
1930-1939Babe Ruth
97.1%
1990-1999Barry Bonds
91.9%
2000-2009Barry Bonds
91.9%
1970-1979Bobby Bonds
90.6%
2000-2009Alex Rodriguez
89.7%
1990-1999Mark McGwire
87.5%
1990-1999Sammy Sosa
87.4%
1950-1959Mickey Mantle
83.4%
1960-1969Mickey Mantle
83.4%
1960-1969Hank Aaron
82.5%
2010-2019Albert Pujols
82.4%
1990-1999Ken Griffey Jr.
81.2%
1940-1949Ted Williams
81%
1920-1929Cy Williams
80.4%
1920-1929Ken Williams
80.4%
1920-1929Lou Gehrig
78.6%
1930-1939Lou Gehrig
78.6%
2000-2009Albert Pujols
77.4%
1950-1959Willie Mays
76.2%
1960-1969Willie Mays
76.2%
1970-1979Reggie Jackson
73.8%
2010-2019Mike Trout
73%
1970-1979Lee May
72.3%
2000-2009Manny Ramirez
71.2%
2000-2009Jim Thome
71.1%
1990-1999Frank Thomas
70.6%
1970-1979Mike Schmidt
69.2%
1980-1989Mike Schmidt
69.2%
1940-1949Joe DiMaggio
69.1%
1960-1969Frank Robinson
64.9%
2000-2009Andruw Jones
62.3%
1930-1939Jimmie Foxx
61.5%
2010-2019Miguel Cabrera
61.2%
2010-2019Giancarlo Stanton
60.3%
1990-1999Jose Canseco
60.1%
1960-1969Harmon Killebrew
59.6%
1960-1969Frank Howard
58.2%
2010-2019Chris Davis
57.4%
1990-1999Rafael Palmeiro
57.1%
Decade Player % Correct
1970-1979Johnny Bench
56.5%
1990-1999Juan Gonzalez
56.3%
1960-1969Willie McCovey
54.4%
1950-1959Stan Musial
54.3%
1970-1979Willie Stargell
53.5%
2010-2019Nelson Cruz
52.3%
1930-1939Mel Ott
52.1%
2010-2019Jose Bautista
52.1%
1950-1959Yogi Berra
50.7%
1901-1909Honus Wagner
50.5%
2010-2019Edwin Encarnacion
50%
1950-1959Ernie Banks
48.5%
1960-1969Ernie Banks
48.5%
1980-1989Eddie Murray
48.2%
1930-1939Bob Johnson
48%
1990-1999Albert Belle
46.4%
1930-1939Hank Greenberg
44.2%
1970-1979Reggie Smith
44.2%
1950-1959Duke Snider
43.6%
1980-1989Dale Murphy
43.3%
1980-1989Andre Dawson
42.6%
2000-2009Adam Dunn
42.6%
2000-2009Vladimir Guerrero
41%
1980-1989Dave Winfield
40.3%
1920-1929Rogers Hornsby
39.9%
1950-1959Eddie Mathews
39.6%
1970-1979Dave Kingman
38.5%
1990-1999Fred McGriff
38.5%
2000-2009Carlos Delgado
38.1%
1940-1949Ralph Kiner
37.8%
1920-1929Hack Wilson
37.6%
1910-1919Chief Wilson
37.4%
1980-1989Dwight Evans
36.6%
1980-1989Darrell Evans
36.6%
1910-1919Frank Baker
32.9%
1901-1909Harry Davis
32.4%
1970-1979Tony Perez
32.2%
2000-2009Lance Berkman
31.9%
1980-1989Jack Clark
28.2%
1940-1949Johnny Mize
26.6%
Decade Player % Correct
1960-1969Orlando Cepeda
26.5%
1950-1959Gil Hodges
24.7%
1901-1909Nap Lajoie
24.6%
1930-1939Al Simmons
21.3%
1970-1979Graig Nettles
20.6%
2010-2019Jay Bruce
20.3%
2010-2019Justin Upton
20%
1960-1969Norm Cash
19.7%
1930-1939Chuck Klein
19%
1980-1989Tony Armas
17.5%
1950-1959Ted Kluszewski
16.1%
1901-1909Sam Crawford
15.9%
1980-1989Lance Parrish
14.6%
1940-1949Bobby Doerr
12%
1920-1929Harry Heilmann
11.4%
1920-1929Bob Meusel
10.9%
1940-1949Joe Gordon
10.3%
1910-1919Gavvy Cravath
9.3%
1930-1939Earl Averill
9.2%
1920-1929High Pockets Kelly
9%
1920-1929Jim Bottomley
8.8%
1940-1949Rudy York
8.8%
1940-1949Vern Stephens
8%
1940-1949Charlie Keller
7%
1930-1939Wally Berger
6.4%
1910-1919Heinie Zimmerman
6.2%
1940-1949Bill Nicholson
6.2%
1950-1959Gus Zernial
6.1%
1901-1909Buck Freeman
4.2%
1901-1909Cy Seymour
3.9%
1910-1919Frank Schulte
3.8%
1910-1919Sherry Magee
3.7%
1901-1909Socks Seybold
3.7%
1910-1919Fred Merkle
3.5%
1910-1919Larry Doyle
3.4%
1901-1909Charlie Hickman
3.2%
1910-1919Fred Luderus
2.9%
1901-1909Hobe Ferris
2.7%
1901-1909Harry Lumley
2.7%
1910-1919Vic Saier
2.6%

You're not logged in!

Compare scores with friends on all Sporcle quizzes.
OR
Log In

Sporcle TV

Today on Sporcle TV


Watch our educational content, quiz creation guides, and fun videos on Sporcle TV.

Show Comments

Extras

Top Quizzes Today


Score Distribution

Paid Content

Your Account Isn't Verified!

In order to create a playlist on Sporcle, you need to verify the email address you used during registration. Go to your Sporcle Settings to finish the process.

Report this User

Report this user for behavior that violates our Community Guidelines.

Details: